000
00264nam a2200109Ia 4500
008
240625s9999 xx 000 0 und d
041
_a
eng
082
_a
658.812 KOC
100
_a
KOCHAR JAYANT
245
_a
IMPORTANCE OF CUSTOMER FOCUS TO AN ORGAN
260
_c
2004
999
_c
33000
_d
33000